Phares arrière : Devinez la marque de voiture - Statistiques

Statistiques générales
  • Ce quiz a été pris 281 fois
  • Le résultat moyen est 14 sur 16
Statistiques - réponses
Par images Réponse % Correct
Mini
99%
Peugeot
96%
BMW
95%
Fiat
95%
Renault
94%
Citroen
93%
Porsche
92%
Audi
90%
Ferrari
90%
Dacia
87%
Nissan
87%
Mercedes
86%
Volvo
85%
Land Rover
82%
Alfa Romeo
81%
Jeep
79%
Aucun quiz correspondant
Distribution des résultats
% des personnes avec chaque résultat
Percentile par nombre de réponses
Votre historique - résultats
Vous n’avez pas pris ce quiz